000 00302nam a2200109Ia 4500
005 20260326235444.0
008 260326s9999||||xx |||||||||||||| ||und||
100 _aMuseo Nacional de Arte Occidental de Tokio
245 0 _aRodin /
_cMuseo Nacional de Arte Occidental de Tokio
650 _aARTE
942 _cBK
999 _c7535
_d7535